书目信息 |
| 题名: |
科技管理知识
|
|
| 作者: | 英民 编 | |
| 分册: | 第二册 | |
| 出版信息: | 北京 科学普及出版社 1984 |
|
| 页数: | 162页 | |
| 开本: | 19cm | |
| 丛书名: | ||
| 单 册: | ||
| 中图分类: | G311 | |
| 科图分类: | ||
| 主题词: | 科学技术管理--基本知识 | |
| 电子资源: | ||
| ISBN: | ||
| 000 | 00631nam0 2200241 45 | |
| 001 | 0184004821 | |
| 005 | 20040430110709.1 | |
| 010 | @dCNY0.51 | |
| 091 | @a17051.1025 | |
| 100 | @a19950426d1984 em y0chiy0121 ea | |
| 101 | 0 | @achi |
| 102 | @aCN@b110000 | |
| 105 | @ay z 000yy | |
| 106 | @ar | |
| 200 | 10 | @a科技管理知识@h第二册@Ake ji guan li zhi shi@f英民编@FYing Min Bian |
| 210 | @a北京@c科学普及出版社@d1984 | |
| 215 | @a162页@d19cm | |
| 606 | @a科学技术管理@x基本知识 | |
| 690 | @aG311@v3 | |
| 701 | 0 | @a英民@4编 |
| 801 | 0 | @aCN@b上海图书馆@c20040430 |
| 801 | 2 | @aCN@bNLC@c20040430 |
| 905 | @f1@b123370@dG311@e1:2 | |
| 科技管理知识.第二册/英民编.-北京:科学普及出版社,1984 |
| 162页;19cm |
| ISBN :CNY0.51 |
| ● |
| 相关链接 |
|
|
|
|
正题名:科技管理知识
索取号:G311/1:2
 
预约/预借
| 序号 | 登录号 | 条形码 | 馆藏地/架位号 | 状态 | 备注 |
| 1 | 0123369 | 000986080 | 密集书库/ [索取号:G311/1:2] | 在馆 | |
| 2 | 0123370 | 000986071 | 密集书库/ [索取号:G311/1:2] | 在馆 | |
| 3 | 0123371 | 000986062 | 第一样本阅览室/ [索取号:G311/1:2] | 在馆 |